[Event "George Trundle Masters 2016"]
[Site "Auckland"]
[Date "2016.07.10"]
[Round "2.1"]
[White "Wastney, Scott"]
[Black "Garbett, Paul A"]
[Result "0-1"]
[LiveChessVersion "1.4.8"]
[BlackElo "2229"]
[WhiteElo "2370"]

1. e4 {[%clk 1:30:58]} d6 {[%clk 1:30:43]} 2. d4 {[%clk 1:31:18]} Nf6
{[%clk 1:31:05]} 3. Nc3 {[%clk 1:31:45]} e5 {[%clk 1:31:21]} 4. Nf3
{[%clk 1:31:49]} exd4 {[%clk 1:31:34]} 5. Qxd4 {[%clk 1:30:18]} Be7
{[%clk 1:28:59]} 6. Bf4 {[%clk 1:27:47]} O-O {[%clk 1:28:27]} 7. O-O-O
{[%clk 1:27:41]} Nc6 {[%clk 1:19:58]} 8. Qd2 {[%clk 1:27:02]} Bg4
{[%clk 1:18:32]} 9. Be2 {[%clk 1:23:31]} Rb8 {[%clk 1:11:07]} 10. h3
{[%clk 1:21:00]} Bxf3 {[%clk 1:07:23]} 11. Bxf3 {[%clk 1:21:11]} Qc8
{[%clk 1:01:57]} 12. g4 {[%clk 1:11:58]} Ne5 {[%clk 0:57:10]} 13. Bxe5
{[%clk 1:02:56]} dxe5 {[%clk 0:57:33]} 14. g5 {[%clk 1:03:17]} Ne8
{[%clk 0:56:39]} 15. Nd5 {[%clk 0:57:52]} Qd8 {[%clk 0:54:03]} 16. h4
{[%clk 0:55:51]} c6 {[%clk 0:52:07]} 17. Nxe7+ {[%clk 0:49:34]} Qxe7
{[%clk 0:52:27]} 18. Qd7 {[%clk 0:48:23]} Qc5 {[%clk 0:48:49]} 19. Rd2
{[%clk 0:48:39]} Qa5 {[%clk 0:48:10]} 20. a3 {[%clk 0:37:08]} Nc7
{[%clk 0:47:29]} 21. Bg4 {[%clk 0:36:35]} Nb5 {[%clk 0:37:15]} 22. Qe7
{[%clk 0:36:00]} Nd4 {[%clk 0:35:25]} 23. Rhd1 {[%clk 0:35:14]} Rbe8
{[%clk 0:27:18]} 24. Qb4 {[%clk 0:30:24]} Qxb4 {[%clk 0:26:27]} 25. axb4
{[%clk 0:30:53]} f6 {[%clk 0:25:05]} 26. f4 {[%clk 0:17:40]} fxg5
{[%clk 0:20:52]} 27. fxe5 {[%clk 0:17:43]} Nf3 {[%clk 0:18:16]} 28. Bxf3
{[%clk 0:17:20]} Rxf3 {[%clk 0:18:33]} 29. hxg5 {[%clk 0:17:14]} Rxe5
{[%clk 0:17:53]} 30. Rd7 {[%clk 0:15:37]} Rf7 {[%clk 0:16:56]} 31. Rd8+
{[%clk 0:15:41]} Rf8 {[%clk 0:17:17]} 32. R8d7 {[%clk 0:14:48]} Rxg5
{[%clk 0:14:39]} 33. Rxb7 {[%clk 0:14:52]} h5 {[%clk 0:13:06]} 34. Rxa7
{[%clk 0:15:12]} h4 {[%clk 0:12:15]} 35. Rh1 {[%clk 0:13:13]} Rg4
{[%clk 0:12:06]} 36. Rc7 {[%clk 0:11:53]} Rxe4 {[%clk 0:12:10]} 37. Rxc6
{[%clk 0:12:09]} Rxb4 {[%clk 0:12:01]} 38. b3 {[%clk 0:03:11]} Rg4
{[%clk 0:11:12]} 39. Kb2 {[%clk 0:02:53]} Kh7 {[%clk 0:09:26]} 40. Rh3
{[%clk 0:31:33]} Rgf4 {[%clk 0:37:52]} 41. c4 {[%clk 0:17:09]} g5
{[%clk 0:37:37]} 42. Re3 {[%clk 0:14:01]} R8f6 {[%clk 0:37:34]} 43. Rxf6
{[%clk 0:12:23]} Rxf6 {[%clk 0:37:57]} 44. c5 {[%clk 0:12:46]} Kg6
{[%clk 0:35:01]} 45. b4 {[%clk 0:13:04]} g4 {[%clk 0:35:05]} 46. b5
{[%clk 0:09:41]} g3 {[%clk 0:34:07]} 47. Re1 {[%clk 0:02:49]} Rf5
{[%clk 0:32:21]} 48. Rc1 {[%clk 0:01:55]} g2 {[%clk 0:32:34]} 49. b6
{[%clk 0:01:23]} Rxc5 {[%clk 0:27:09]} 50. b7 {[%clk 0:01:25]} Rb5+
{[%clk 0:27:26]} 0-1

[Event "George Trundle Masters 2016"]
[Site "Auckland"]
[Date "2016.07.10"]
[Round "2.2"]
[White "Wallis, Christopher"]
[Black "Chan, Peng Kong"]
[Result "1-0"]
[LiveChessVersion "1.4.8"]
[BlackElo "2238"]
[WhiteElo "2351"]

1. d4 {[%clk 1:30:57]} Nf6 {[%clk 1:30:32]} 2. c4 {[%clk 1:31:19]} e6
{[%clk 1:30:58]} 3. Nc3 {[%clk 1:31:42]} Bb4 {[%clk 1:30:49]} 4. e3
{[%clk 1:32:02]} O-O {[%clk 1:31:00]} 5. Bd3 {[%clk 1:32:20]} d5 {[%clk 1:30:17]}
6. Nf3 {[%clk 1:32:33]} c5 {[%clk 1:28:31]} 7. O-O {[%clk 1:32:54]} dxc4
{[%clk 1:25:34]} 8. Bxc4 {[%clk 1:33:17]} cxd4 {[%clk 1:24:48]} 9. exd4
{[%clk 1:33:40]} Bxc3 {[%clk 1:20:33]} 10. bxc3 {[%clk 1:34:04]} Qc7
{[%clk 1:20:59]} 11. Bd3 {[%clk 1:23:13]} Nbd7 {[%clk 1:20:53]} 12. Bg5
{[%clk 1:16:07]} b6 {[%clk 1:18:00]} 13. Rc1 {[%clk 1:13:43]} Bb7
{[%clk 1:17:22]} 14. Re1 {[%clk 1:11:24]} Rac8 {[%clk 1:09:26]} 15. Qe2
{[%clk 1:01:41]} Rfe8 {[%clk 0:54:39]} 16. Ne5 {[%clk 0:48:15]} Nxe5
{[%clk 0:48:23]} 17. dxe5 {[%clk 0:48:37]} Nd7 {[%clk 0:48:38]} 18. Qh5
{[%clk 0:37:51]} Nf8 {[%clk 0:41:16]} 19. Re3 {[%clk 0:30:51]} Qc6
{[%clk 0:36:48]} 20. Rg3 {[%clk 0:25:42]} Rc7 {[%clk 0:27:47]} 21. Bxh7+
{[%clk 0:18:30]} 1-0

[Event "George Trundle Masters 2016"]
[Site "Auckland"]
[Date "2016.07.10"]
[Round "2.3"]
[White "Solomon, Stephen J"]
[Black "Smith, Robert W"]
[Result "1/2-1/2"]
[LiveChessVersion "1.4.8"]
[BlackElo "2207"]
[WhiteElo "2367"]

1. e4 {[%clk 1:30:57]} c5 {[%clk 1:30:56]} 2. Nf3 {[%clk 1:31:05]} g6
{[%clk 1:31:19]} 3. d4 {[%clk 1:30:05]} cxd4 {[%clk 1:31:44]} 4. Nxd4
{[%clk 1:30:23]} Nc6 {[%clk 1:32:11]} 5. c4 {[%clk 1:30:15]} Nf6 {[%clk 1:32:32]}
6. Nc3 {[%clk 1:30:10]} d6 {[%clk 1:32:58]} 7. Be2 {[%clk 1:30:04]} Nxd4
{[%clk 1:33:24]} 8. Qxd4 {[%clk 1:30:21]} Bg7 {[%clk 1:33:53]} 9. Be3
{[%clk 1:30:16]} O-O {[%clk 1:34:07]} 10. Qd2 {[%clk 1:29:38]} Be6
{[%clk 1:33:30]} 11. Rc1 {[%clk 1:06:21]} Qa5 {[%clk 1:33:17]} 12. f3
{[%clk 1:01:36]} Rfc8 {[%clk 1:33:36]} 13. b3 {[%clk 0:58:32]} a6
{[%clk 1:26:14]} 14. Na4 {[%clk 0:48:27]} Qxd2+ {[%clk 1:26:39]} 15. Kxd2
{[%clk 0:48:49]} Nd7 {[%clk 1:27:03]} 16. f4 {[%clk 0:38:06]} Rd8
{[%clk 1:15:27]} 17. Nb6 {[%clk 0:31:24]} Nxb6 {[%clk 1:15:48]} 18. Bxb6
{[%clk 0:31:48]} Rdc8 {[%clk 1:11:38]} 19. Bf3 {[%clk 0:29:49]} Bd7
{[%clk 1:07:58]} 20. e5 {[%clk 0:23:03]} Bc6 {[%clk 1:08:12]} 21. exd6
{[%clk 0:22:21]} exd6 {[%clk 1:08:25]} 22. Rhf1 {[%clk 0:12:01]} Bxf3
{[%clk 0:55:09]} 23. Rxf3 {[%clk 0:11:40]} Rc6 {[%clk 0:55:38]} 24. Ba5
{[%clk 0:08:13]} b5 {[%clk 0:54:57]} 25. Bc3 {[%clk 0:08:00]} bxc4
{[%clk 0:55:05]} 26. Bxg7 {[%clk 0:08:24]} Kxg7 {[%clk 0:55:24]} 27. Rxc4
{[%clk 0:08:49]} Rxc4 {[%clk 0:55:39]} 28. bxc4 {[%clk 0:08:59]} Rc8
{[%clk 0:54:44]} 29. Kd3 {[%clk 0:04:47]} Rc5 {[%clk 0:51:47]} 30. Kd4
{[%clk 0:04:59]} Ra5 {[%clk 0:51:55]} 31. a3 {[%clk 0:05:06]} h5 {[%clk 0:47:57]}
32. f5 {[%clk 0:02:06]} gxf5 {[%clk 0:46:57]} 33. h4 {[%clk 0:01:20]} Kf6
{[%clk 0:46:10]} 34. g3 {[%clk 0:01:45]} Ke6 {[%clk 0:44:35]} 35. Rb3
{[%clk 0:01:31]} Re5 {[%clk 0:25:19]} 36. Rb6 {[%clk 0:01:56]} Ra5
{[%clk 0:24:57]} 37. Rb3 {[%clk 0:01:41]} Re5 {[%clk 0:24:37]} 38. Rb6
{[%clk 0:02:01]} Ra5 {[%clk 0:25:01]} 1/2-1/2

[Event "George Trundle Masters 2016"]
[Site "Auckland"]
[Date "2016.07.10"]
[Round "2.4"]
[White "Croad, Nicholas"]
[Black "Lane, Gary W"]
[Result "1/2-1/2"]
[LiveChessVersion "1.4.8"]
[BlackElo "2375"]
[WhiteElo "2320"]

1. d4 {[%clk 1:30:58]} d5 {[%clk 1:30:22]} 2. c4 {[%clk 1:31:20]} c6
{[%clk 1:30:27]} 3. Nf3 {[%clk 1:31:44]} Nf6 {[%clk 1:29:55]} 4. e3
{[%clk 1:32:06]} Bg4 {[%clk 1:28:40]} 5. h3 {[%clk 1:32:21]} Bh5 {[%clk 1:29:03]}
6. Nc3 {[%clk 1:32:20]} e6 {[%clk 1:28:02]} 7. cxd5 {[%clk 1:26:51]} cxd5
{[%clk 1:25:11]} 8. g4 {[%clk 1:26:00]} Bg6 {[%clk 1:25:32]} 9. Ne5
{[%clk 1:26:23]} Nfd7 {[%clk 1:22:38]} 10. Nxg6 {[%clk 1:15:12]} hxg6
{[%clk 1:21:35]} 11. Bg2 {[%clk 1:15:16]} f5 {[%clk 1:19:38]} 12. Qb3
{[%clk 1:11:14]} Qb6 {[%clk 1:12:48]} 13. Bd2 {[%clk 1:07:05]} Nc6
{[%clk 1:07:01]} 14. Qxb6 {[%clk 1:03:14]} Nxb6 {[%clk 1:07:25]} 15. Ke2
{[%clk 1:02:40]} O-O-O {[%clk 1:07:21]} 16. Be1 {[%clk 0:57:53]} a6
{[%clk 1:05:11]} 17. Rd1 {[%clk 0:56:06]} Be7 {[%clk 1:05:08]} 18. f3
{[%clk 0:55:41]} Bf6 {[%clk 0:55:51]} 19. Bg3 {[%clk 0:53:44]} g5
{[%clk 0:46:18]} 20. gxf5 {[%clk 0:45:11]} exf5 {[%clk 0:46:40]} 21. f4
{[%clk 0:45:17]} Rhe8 {[%clk 0:46:08]} 22. Kf2 {[%clk 0:25:17]} gxf4
{[%clk 0:39:03]} 23. Bxf4 {[%clk 0:25:18]} g5 {[%clk 0:39:22]} 24. Bh2
{[%clk 0:23:42]} f4 {[%clk 0:39:38]} 25. exf4 {[%clk 0:23:43]} Bxd4+
{[%clk 0:32:07]} 26. Rxd4 {[%clk 0:23:27]} Nxd4 {[%clk 0:32:26]} 27. Rd1
{[%clk 0:22:36]} Ne6 {[%clk 0:26:39]} 28. fxg5 {[%clk 0:21:20]} Rf8+
{[%clk 0:25:16]} 29. Kg1 {[%clk 0:17:46]} Nxg5 {[%clk 0:25:30]} 30. Rd3
{[%clk 0:13:59]} d4 {[%clk 0:12:21]} 31. h4 {[%clk 0:13:45]} dxc3
{[%clk 0:06:57]} 32. Rxc3+ {[%clk 0:14:10]} Kd7 {[%clk 0:07:20]} 33. hxg5
{[%clk 0:14:36]} Ke6 {[%clk 0:06:57]} 34. Bxb7 {[%clk 0:08:07]} Rd1+
{[%clk 0:07:03]} 35. Kg2 {[%clk 0:08:36]} Rd2+ {[%clk 0:07:10]} 36. Kg1
{[%clk 0:08:56]} Rd1+ {[%clk 0:06:39]} 37. Kg2 {[%clk 0:09:25]} Rd2+
{[%clk 0:07:05]} 38. Kg1 {[%clk 0:09:49]} Rd1+ {[%clk 0:04:24]} 1/2-1/2

[Event "George Trundle Masters 2016"]
[Site "Auckland"]
[Date "2016.07.10"]
[Round "2.5"]
[White "Watson, Bruce R"]
[Black "Hague, Ben"]
[Result "1/2-1/2"]
[LiveChessVersion "1.4.8"]
[BlackElo "2336"]
[WhiteElo "2237"]

1. c4 c5 2. Nf3 Nc6 3. d4 cxd4 4. Nxd4 Nf6 5. Nc3 e6 6. a3 Bc5 7. e3 O-O 8. Be2
d5 9. cxd5 exd5 10. O-O Ne5 11. Nf3 Re8 12. b4 Bb6 13. Bb2 Nc4 14. Bxc4 dxc4 15.
Na4 Bc7 16. Qxd8 Rxd8 17. Be5 Bxe5 18. Nxe5 Bf5 19. Nc3 Rac8 20. Rfd1 Re8 21. Nf3
Ne4 22. Rac1 a6 23. Rd5 Nxc3 24. Rxc3 Be4 25. Ra5 Bxf3 26. gxf3 Red8 27. Kf1 Kf8
28. Ke2 Ke7 29. e4 Ke6 30. Ke3 f6 1/2-1/2